<?xml version="1.0" encoding="UTF-8"?>
<record
    xmlns:xsi="http://www.w3.org/2001/XMLSchema-instance"
    xsi:schemaLocation="http://www.loc.gov/MARC21/slim http://www.loc.gov/standards/marcxml/schema/MARC21slim.xsd"
    xmlns="http://www.loc.gov/MARC21/slim">

  <leader>02090nam a2200241   4500</leader>
  <controlfield tag="005">20250122140524.0</controlfield>
  <controlfield tag="008">210924b           ||||| |||| 00| 0 eng d</controlfield>
  <datafield tag="020" ind1=" " ind2=" ">
    <subfield code="a">9789390457151</subfield>
  </datafield>
  <datafield tag="040" ind1=" " ind2=" ">
    <subfield code="c">aloy</subfield>
  </datafield>
  <datafield tag="041" ind1=" " ind2=" ">
    <subfield code="a">eng</subfield>
  </datafield>
  <datafield tag="082" ind1=" " ind2=" ">
    <subfield code="2">23</subfield>
    <subfield code="a">005.133</subfield>
    <subfield code="b">RAOC</subfield>
  </datafield>
  <datafield tag="100" ind1=" " ind2=" ">
    <subfield code="a">Nageswara Rao R. </subfield>
    <subfield code="9">194555</subfield>
  </datafield>
  <datafield tag="245" ind1=" " ind2=" ">
    <subfield code="a">Core Python Programming</subfield>
  </datafield>
  <datafield tag="250" ind1=" " ind2=" ">
    <subfield code="a">3rd rev. ed.</subfield>
  </datafield>
  <datafield tag="260" ind1=" " ind2=" ">
    <subfield code="a">New Delhi</subfield>
    <subfield code="b">Dreamtech Press</subfield>
    <subfield code="c">2021</subfield>
  </datafield>
  <datafield tag="300" ind1=" " ind2=" ">
    <subfield code="a">xxi,765 p</subfield>
    <subfield code="b">	 Paperback</subfield>
    <subfield code="c">23.5x17.5 cm</subfield>
  </datafield>
  <datafield tag="365" ind1=" " ind2=" ">
    <subfield code="2">General</subfield>
    <subfield code="a">24925</subfield>
    <subfield code="b">559.20</subfield>
    <subfield code="c">&#x20B9;</subfield>
    <subfield code="d">&#x20B9;699.00</subfield>
    <subfield code="e">20%</subfield>
    <subfield code="f">23-09-2021</subfield>
  </datafield>
  <datafield tag="520" ind1=" " ind2=" ">
    <subfield code="a">At present, Java occupies number 1 rank as the most used programming language since almost all the projects are developed in Java. Python is already occupying 2nd to 4th position and will be the most demanded language after Java in near future. Python is used with other programming languages on Internet as well as for developing standalone applications. Python programmers are paid high salaries in the software development industry. Hence, it is time for beginners as well as existing programmers to focus their attention on Python.

</subfield>
  </datafield>
  <datafield tag="521" ind1=" " ind2=" ">
    <subfield code="a">TABLE OF CONTENTS: Chapter 1: Introduction to Python Chapter 2: Writing Our First Python Program Chapter 3: Datatypes in Python Chapter 4: Operators in Python Chapter 5: Input and Output Chapter 6: Control Statements Chapter 7: Arrays in Python Chapter 8: Strings and Characters Chapter 9: Functions Chapter 10: Lists and Tuples Chapter 11: Dictionaries Chapter 12: Introduction to OOPS Chapter 13: Classes and Objects Chapter 14: Inheritance and Polymorphism Chapter 15: Abstract Classes and Interfaces Chapter 16: Exceptions Chapter 17: Files in Python Chapter 18: Regular Expressions in Python Chapter 19: Data Structures in Python Chapter 20: Date and Time Chapter 21: Threads Chapter 22: Graphical User Interface Chapter 23: Networking in Python Chapter 24: Python&#x2019;s Database Connectivity Chapter 25: Data Science Using Python Chapter 26: PyCharm and Jupyter</subfield>
  </datafield>
  <datafield tag="650" ind1=" " ind2=" ">
    <subfield code="a">Core Python Programming</subfield>
    <subfield code="9">272</subfield>
  </datafield>
  <datafield tag="650" ind1=" " ind2=" ">
    <subfield code="a">Python Programming</subfield>
    <subfield code="9">273</subfield>
  </datafield>
  <datafield tag="942" ind1=" " ind2=" ">
    <subfield code="2">ddc</subfield>
    <subfield code="c">BK</subfield>
    <subfield code="e">3rd rev. ed.</subfield>
  </datafield>
  <datafield tag="999" ind1=" " ind2=" ">
    <subfield code="c">216362</subfield>
    <subfield code="d">216362</subfield>
  </datafield>
  <datafield tag="952" ind1=" " ind2=" ">
    <subfield code="0">0</subfield>
    <subfield code="1">0</subfield>
    <subfield code="2">ddc</subfield>
    <subfield code="4">0</subfield>
    <subfield code="7">0</subfield>
    <subfield code="8">CAA</subfield>
    <subfield code="a">AL</subfield>
    <subfield code="b">AL</subfield>
    <subfield code="d">2021-09-23</subfield>
    <subfield code="e">Biblios Book Point</subfield>
    <subfield code="g">559.00</subfield>
    <subfield code="l">5</subfield>
    <subfield code="o">005.133 RAOC</subfield>
    <subfield code="p">074955</subfield>
    <subfield code="r">2026-03-12 16:44:31</subfield>
    <subfield code="s">2025-12-10</subfield>
    <subfield code="v">699.00</subfield>
    <subfield code="w">2021-09-24</subfield>
    <subfield code="y">BK</subfield>
  </datafield>
  <datafield tag="952" ind1=" " ind2=" ">
    <subfield code="0">0</subfield>
    <subfield code="1">0</subfield>
    <subfield code="2">ddc</subfield>
    <subfield code="4">0</subfield>
    <subfield code="7">0</subfield>
    <subfield code="8">CAA</subfield>
    <subfield code="a">AL</subfield>
    <subfield code="b">AL</subfield>
    <subfield code="d">2025-01-21</subfield>
    <subfield code="e">Biblios Book Point Surathkal Mangalore 575014</subfield>
    <subfield code="g">663.00</subfield>
    <subfield code="l">1</subfield>
    <subfield code="o">005.133 RAOC</subfield>
    <subfield code="p">077561</subfield>
    <subfield code="r">2026-03-28 10:07:40</subfield>
    <subfield code="s">2025-11-28</subfield>
    <subfield code="v">829.00</subfield>
    <subfield code="w">2025-01-22</subfield>
    <subfield code="y">BK</subfield>
  </datafield>
  <datafield tag="952" ind1=" " ind2=" ">
    <subfield code="0">0</subfield>
    <subfield code="1">0</subfield>
    <subfield code="2">ddc</subfield>
    <subfield code="4">0</subfield>
    <subfield code="7">3</subfield>
    <subfield code="8">CAA</subfield>
    <subfield code="a">AL</subfield>
    <subfield code="b">AL</subfield>
    <subfield code="c">RS</subfield>
    <subfield code="d">2025-01-21</subfield>
    <subfield code="e">Biblios Book Point Surathkal Mangalore 575014</subfield>
    <subfield code="g">663.00</subfield>
    <subfield code="l">1</subfield>
    <subfield code="o">005.133 RAOC</subfield>
    <subfield code="p">077562</subfield>
    <subfield code="r">2025-04-04 09:47:11</subfield>
    <subfield code="s">2025-01-23</subfield>
    <subfield code="v">829.00</subfield>
    <subfield code="w">2025-01-22</subfield>
    <subfield code="y">REF</subfield>
  </datafield>
</record>
